|
|
|
|
| LEADER |
00000nla2a2200000 4500 |
| 001 |
646138 |
| 005 |
20231228130525.0 |
| 035 |
|
|
|a (RuTPU)RU\TPU\network\11259
|
| 035 |
|
|
|a RU\TPU\network\11258
|
| 090 |
|
|
|a 646138
|
| 100 |
|
|
|a 20160211d2015 k y0rusy50 ca
|
| 101 |
0 |
|
|a rus
|
| 102 |
|
|
|a RU
|
| 105 |
|
|
|a a z 101zy
|
| 135 |
|
|
|a drgn ---uucaa
|
| 181 |
|
0 |
|a i
|
| 182 |
|
0 |
|a b
|
| 200 |
1 |
|
|a Эволюция микроструктуры и механических свойств биоинертного сплава Ti-40Nb при интенсивной пластической деформации и последующих отжигах
|f А. Ю. Ерошенко [и др.]
|
| 203 |
|
|
|a Текст
|c электронный
|
| 225 |
1 |
|
|a Материалы и иерархически организованные структуры в медицине и молекулярной биологии
|
| 300 |
|
|
|a Заглавие с экрана
|
| 320 |
|
|
|a [Библиогр.: с. 558 (1 назв.)]
|
| 337 |
|
|
|a Adobe Reader
|
| 463 |
|
1 |
|0 (RuTPU)RU\TPU\network\11053
|t Перспективные материалы с иерархической структурой для новых технологий и надежных конструкций
|o тезисы докладов Международной конференции, 21-25 сентября 2015 г., Томск
|f Российская академия наук (РАН), Сибирское отделение (СО), Институт физики прочности и материаловедения (ИФПМ)
|v [С. 557-558]
|d 2015
|
| 610 |
1 |
|
|a электронный ресурс
|
| 610 |
1 |
|
|a труды учёных ТПУ
|
| 610 |
1 |
|
|a эволюция
|
| 610 |
1 |
|
|a микроструктуры
|
| 610 |
1 |
|
|a механические свойства
|
| 610 |
1 |
|
|a сплавы
|
| 610 |
1 |
|
|a пластическая деформация
|
| 610 |
1 |
|
|a отжиг
|
| 701 |
|
1 |
|a Ерошенко
|b А. Ю.
|
| 701 |
|
1 |
|a Шаркеев
|b Ю. П.
|c физик
|c профессор Томского политехнического университета, доктор физико-математических наук
|f 1950-
|g Юрий Петрович
|3 (RuTPU)RU\TPU\pers\31437
|9 15599
|
| 701 |
|
1 |
|a Глухов
|b И. А.
|
| 701 |
|
1 |
|a Zhu
|b Q.
|
| 701 |
|
1 |
|a Уваркин
|b П. В.
|
| 701 |
|
1 |
|a Толмачев
|b А. И.
|
| 712 |
0 |
2 |
|a Национальный исследовательский Томский политехнический университет (ТПУ)
|b Физико-технический институт (ФТИ)
|b Кафедра экспериментальной физики (ЭФ)
|3 (RuTPU)RU\TPU\col\21255
|
| 801 |
|
1 |
|a RU
|b 63413507
|c 20101016
|
| 801 |
|
2 |
|a RU
|b 63413507
|c 20160212
|g RCR
|
| 856 |
4 |
|
|u http://www.ispms.ru/files/Conference/2015/tezis_2015.pdf#page=557
|
| 942 |
|
|
|c CF
|